El todo y las partes: estudios de ontología formal

Saved in:
Bibliografiske detaljer
Hovedforfatter: González Asenjo, Florencio (Author)
Format: Bog
Sprog:spansk
Udgivet: Madrid Martínez de Murguia 1962
Fag:
Tags: Tilføj Tag
Ingen Tags, Vær først til at tagge denne postø!

MARC

LEADER 00000nam a2200000 a 4500
001 UCZ4214
003 CL-VaPUC
008 951106e19620000SP |||||||||||||||||spa|d
082 0 4 |a 111  |b GON  |2 21 
100 0 |a González Asenjo, Florencio  |e author  |9 348180 
245 1 3 |a El todo y las partes: estudios de ontología formal 
300 |a 276 p 
942 |c BK 
945 |d 19951106 00:00:00  |a cmena 
260 |a Madrid  |b Martínez de Murguia  |c 1962 
650 0 |a Ontología   |9 256850 
650 0 |a Sociedad  |9 307903 
650 0 |a Familias   |9 255641 
650 0 |a Participación social  |9 256140 
650 0 |a Verdad  |9 313815 
650 0 |a Historia  |9 255047 
650 0 |a Espacio  |9 336785 
650 0 |a Tiempo   |9 267892 
650 0 |a Creatividad   |9 310816 
650 0 |a Responsabilidad  |9 308399 
650 0 |a Conciencia  |9 309452 
650 0 |a Percepción   |9 266750 
650 0 |a Voluntad  |9 307812 
650 0 |a Ética  |9 255099 
583 |a last modification  |c 19951106 00:00:00  |k Rodrigo Vera 
999 |c 240630  |d 240628 
952 |0 0  |1 0  |4 0  |6 111_000000000000000_GON_1962  |7 0  |8 P  |9 252601  |a BIBEDU  |b BIBEDU  |c BIBEDU_PB  |d 2019-11-18  |i 1595229  |o 111 GON 1962  |p 1595229  |r 2024-01-25  |w 2019-11-18  |y BK  |k FIL